| 000 | 01679nam a22002297a 4500 | ||
|---|---|---|---|
| 008 | 150518b xxu||||| |||| 00| 0 eng d | ||
| 020 | _a9780471751229 | ||
| 041 | 0 | _aeng | |
| 080 | _a650 | ||
| 100 | _aSeidman, Dov. | ||
| 245 | 0 | 0 |
_aHow : _cDov Seidman. |
| 260 |
_aHoboken, N.J. : _bJohn Wiley & Sons, Inc., _cc2007. |
||
| 300 |
_a338 f _bme il _c24 cm. |
||
| 500 | _a"Published simultaneously in Canada." | ||
| 505 | _aPreface -- Acknowledgements -- Prologue: making waves -- How we have been, how we have changed -- Introduction: the spaces between us -- From land to information -- Lines of communication -- Getting flattened -- Technology's trespass -- The ties that bind us -- Distance unites us -- Can you hear me now? -- The age of transparency -- The persistence of memory -- The information superhighway is a one-way street -- The journey to how -- Just do it -- The certainty gap -- The failure of rules -- How we succeed in business -- How we go forward -- How we think -- Intro: the paradox of journey -- Playing to your strengths -- Help! -- You can judge a book by its cover -- Looking out for number two -- The evolution of what is valuable -- Believe it -- From can to should -- Rules as proxies -- Dancing with rules -- On the tip of your tongue -- Unlocking should -- Risk and reward -- Keeping your head in the game -- Distraction -- Microinequities -- Dissonance -- Doing consonance. | ||
| 650 | 0 | _aSuccess in business. | |
| 650 | 0 | _aTechnological innovations. | |
| 650 | 0 | _aOrganizational effectiveness. | |
| 650 | 0 | _aValues. | |
| 650 | 0 | _aBusiness ethics. | |
| 942 |
_2udc _cBK |
||
| 999 |
_c815 _d815 |
||